Hindu Nationalist and Sangh Parivar/ (Record no. 190233)

MARC details
000 -LEADER
fixed length control field 00522nam a22001817a 4500
005 - DATE AND TIME OF LATEST TRANSACTION
control field 20220720171839.0
010 ## - LCCN (DPL NO)
LC control number ENG-133750
020 ## - INTERNATIONAL STANDARD BOOK NUMBER
International Standard Book Number 9789383514229
Terms of availability 1395.00
035 ## - SYSTEM CONTROL NUMBER
System control number EN-117282
037 ## - SOURCE OF ACQUISITION
Source of stock number/acquisition DBAD/PUB
082 ## - DEWEY DECIMAL CLASSIFICATION NUMBER
Classification number 324.254
100 ## - MAIN ENTRY--PERSONAL NAME
Personal name M.K. Singh
245 ## - TITLE STATEMENT
Title Hindu Nationalist and Sangh Parivar/
Statement of responsibility, etc M.K.Singh
260 ## - PUBLICATION, DISTRIBUTION, ETC. (IMPRINT)
Place of publication, distribution, etc New Delhi
Name of publisher, distributor, etc Lucky International
Date of publication, distribution, etc 2017
270 ## - ADDRESS
Address H-16/1922, Sangam Vihar
City New Delhi
Postal code 110080
300 ## - PHYSICAL DESCRIPTION
Extent 320p.
Dimensions 22cm(hbk)
942 ## - ADDED ENTRY ELEMENTS (KOHA)
Source of classification or shelving scheme Dewey Decimal Classification
Item type English Books
Classification part 324.254
Call number suffix MKS
Holdings
Withdrawn status Lost status Not for loan Collection code Home library Current library Date acquired Source of acquisition Cost, normal purchase price Full call number Barcode Copy number Cost, replacement price Koha item type
      Non-fiction Bawana Bawana 20/07/2022 DBAD/PUB 1395.00 324.254 MKS EN-117282 1 1395.00 English Books

© Delhi Public Library
Hit Counter
free hit counter